Statistiques concernant Les plus anciennes constitutions au monde encore utilisées

Cliquez ici pour prendre le quiz!

Statistiques générales

  • Ce quiz a été pris 58 fois
  • Le résultat moyen est 6 sur 10

Statistiques - réponses

date de l'entrée en vigueur de la constitutionpays% Correct
1789Etats-Unis
100%
1867Canada
75%
1814Norvège
64%
1901Australie
61%
1815Pays-Bas
61%
1831Belgique
57%
1868Luxembourg
48%
1852Nouvelle-Zelande
48%
1853Argentine
46%
1600Saint Marin
46%

Distribution des résultats

Percentile par nombre de réponses

% des personnes avec chaque résultat

Votre développement - résultats

Vous n’avez pas pris ce quiz